Manuscritos: economía y filosofía
Uloženo v:
| Médium: | Kniha |
|---|---|
| Jazyk: | španělština |
| Vydáno: |
Madrid
Alianza
1972
|
| Vydání: | 4a. ed |
| Edice: | <El >Libro de Bolsillo Alianza, 119
|
| Témata: | |
| Tagy: |
Přidat tag
Žádné tagy, Buďte první, kdo vytvoří štítek k tomuto záznamu!
|
MARC
| LEADER | 00000nam a2200000 a 4500 | ||
|---|---|---|---|
| 001 | UCZ0987 | ||
| 003 | CL-VaPUC | ||
| 005 | 20211019074349.0 | ||
| 008 | 950810e19720000SP |||||||||||||||||spa|d | ||
| 999 | |c 237845 |d 237843 | ||
| 040 | |c Pontificia Universidad Católica de Valparaíso | ||
| 082 | 0 | 4 | |a 335.4 |b MAR |2 21 |
| 245 | 1 | 0 | |a Manuscritos: economía y filosofía |
| 250 | |a 4a. ed | ||
| 260 | |a Madrid |b Alianza |c 1972 | ||
| 300 | |a 253 p | ||
| 490 | 0 | |a <El >Libro de Bolsillo Alianza, 119 | |
| 583 | |a last modification |c 19950810 00:00:00 |k Rodrigo Vera | ||
| 650 | 7 | |a MARXISMO |2 CL-VaPUC |9 344319 | |
| 650 | 0 | |a Filosofía marxista |9 337959 | |
| 650 | 0 | |a Economía marxista |9 311435 | |
| 942 | |c BK |2 ddc | ||
| 945 | |d 19950810 00:00:00 |a rbrito | ||
| 952 | |0 0 |1 0 |4 0 |6 335_400000000000000_MAR_1972 |7 0 |8 A |9 247568 |a BIBHIS |b BIBHIS |d 2019-11-18 |i 3119092 |o 335.4 MAR 1972 |p 3119092 |r 2025-01-20 |w 2019-11-18 |y BK |k HIS | ||